| 000 | 00918nam a2200217Ia 4500 | ||
|---|---|---|---|
| 005 | 20250622124039.0 | ||
| 008 | 250616s9999||||xx |||||||||||||| ||ara|| | ||
| 082 | 0 | 4 |
_a"962,06" _bم م |
| 100 | 0 | _aممدوح أنيس فتحى | |
| 245 | 1 | 0 |
_aمصر من الثورة إلى النكسة : _bمقدمات حرب حزيران / يونيو 1967 / _cممدوح أنيس فتحى |
| 250 | _aط1 | ||
| 260 | 3 |
_aأبو ظبى : _b"مركز الإمارات للدراسات والبحوث الاستراتيجية،" _cد.ت. |
|
| 300 |
_a624ص ؛ _c24سم. |
||
| 650 | _aالاعتداء الثلاثى على مصر (1956) | ||
| 650 |
_aالنكسة _z مصر |
||
| 650 |
_aحرب يونيو 1967 _z مصر |
||
| 651 |
_aمصر _x تاريخ |
||
| 651 |
_aمصر _x تاريخ _y العصر الحديث _y جمال عبد الناصر (1954-1970) |
||
| 942 | _cBK | ||
| 999 |
_c67727 _d67727 |
||